000
00206 a2200097 4500
001
23436
100
_a
Seroggie, M G
245
_a
Essays in Electronics
260
_a
_b
Iliffe
_c
1963
090
_c
15829
_d
15829
942
_a
NUST-CAE
_c
M
_c
6479
999
_c
258509
_d
258509